00578nam a2200157 a 450000100080000000500110000800800410001910000160006024501540007626001050023065000090033570000170034470000230036170000190038470000170040319094482011-12-13 2011 bl uuuu u00u1 u #d1 aBORELLA, J. aAtividade da álcool desidrogenase e teores de etanol em raízes e nódulos de soja sob condições de hipoxia e pós-hipoxia.h[electronic resource] aIn: ENCONTRO DE PÓS-GRADUAÇÃO, 13., 2011, Pelotas. Anais... Pelotas: UFPel, 2011. 1 CD-ROM.c2011 aSoja1 aAMARANTE, L.1 aCOLARES, D. dos S.1 aEMYGDIO, B. M.1 aBERNARDI, E.